000 00523nam a2200181Ia 4500
005 20250326125635.0
008 250326s9999 xx 000 0 und d
037 _aTextbook
040 _aFMSL
_beng
_cFMSL
041 _aeng
_2eng
084 _aX:8 K33;1
_qFMSL
100 _aBursk E C
_9737380
245 0 _aNew decision-making tools for managers
_cBursk E C; Chapman J F
260 _aLondon
_bLondon, New American Library
_c1963
300 _a402p
942 _cTB
_hX:8 K33;1
999 _c1278914
_d1278914